mysqli: Table './ulib62015/stat_globaluid' is marked as crashed and should be repaired
select id from stat_globaluid where statuid='20260517200953_107'
mysqli: Table './ulib62015/stat_globaluid' is marked as crashed and should be repaired
DELETE FROM stat_globaluid
WHERE id NOT IN (
SELECT id
FROM (
SELECT id
FROM stat_globaluid
ORDER BY id DESC
LIMIT 100
) foo
);
mysqli: Table './ulib62015/stat_globaluid' is marked as crashed and should be repaired
insert into stat_globaluid set
statuid='20260517200953_107',
dt='1779023393',
phpself='/ULIB62015/dublinfull.php',
agent='Mozilla/5.0 AppleWebKit/537.36 (KHTML, like Gecko; compatible; ClaudeBot/1.0; +claudebot@anthropic.com)',
yea='2026',
mon='5',
dat='17',
ip='216.73.216.45'
mysqli: Table './ulib62015/stathist_viewbib_bib_type' is marked as crashed and should be repaired
insert into stathist_viewbib_bib_type set
dat='17' ,
mon='05' ,
yea='2026' ,
statuid='20260517200953_107' ,
head='32426' ,
foot='marc' ,
dt='1779023393'
| LEADER : 00000nam 2200000uu 4500 |
| 008 100708s||||||||th 000 0 tha d |
| 020 ^a978-616-08-0145-9
|
| 082 0 ^aTR310^bภ415
|
| 100 0 ^aภาคย์พงศ์ พงศ์อตอชาต
|
| 245 00 aHobby Retouch Photoshop Tutorch cool and easy techninc.
|
| 260 ^aกรุงเทพฯ:^bเอ็ดยูเคชั่น,^c2553.
|
| 300 ^a388 หน้า.
|
| 945 ^p249^l0^i013925
|
| 945 ^p0^l0^i013926
|
| 945 ^p0^l0^i013927
|
| 945 ^p0^l0^i013928 |
| 999 ^alib
|
| คุณยังไม่ได้ล็อกอิน คุณสามารถมีกิจกรรมร่วมกับเว็บไซต์ได้ แต่ต้องล็อกอินก่อน :: |
|
|
|
|
ยังไม่เคยถูกคอมเมนท์
|
| คอมเมนท์ทรัพยากรรายการนี้ |
|